000 00678nam a2200193 a 4500
005 20210219150409.0
008 991125s1943 san 000 0 spa u
035 _aUPN01000013444
049 _aCG
050 4 _aJC229
_bG8.38
100 1 _aGuizot, Francoisis Pierre Guillaume,
_d1784-1874
245 1 0 _aDe la pena de muerte en materia política ; De las conspiraciones y de la justicia política /
_cGuizot ; tr. José Ferrater Mora.
260 _aSantiago de Chile :
_bCruz del Sur,
_c1943.
300 _a243 p.
440 0 _atierra firme
651 4 _aFRANCIA -
_xPOLITICA Y GOBIERNO -
_y1814-1830
651 4 _aFRANCIA -
_xPOLITICA Y GOBIERNO -
_y1830-1848
905 _aLibro
999 _c13444
_d13444